[Event "Norm Congress-IM 2019"]
[Site "Saint Louis"]
[Date "2019.05.16"]
[Round "1.1"]
[White "Torres Rosas, Luis Carlos"]
[Black "Kiewra, Keaton"]
[Result "0-1"]
[WhiteElo "2320"]
[BlackElo "2375"]
[Annotator "TA"]
[PlyCount "182"]
[EventDate "2019.05.16"]
[EventType "tourn"]
[EventCountry "USA"]
[SourceTitle "playchess.com"]
[Source "ChessBase"]
[SourceQuality "1"]

{[%evp 25,182,11,10,10,6,13,9,-140,7,0,6,7,39,32,37,41,44,40,53,23,32,20,40,39,39,37,45,44,41,4,6,6,37,33,22,24,18,21,30,10,27,22,40,7,33,-3,-2,-4,-4,-21,-34,-34,-34,-34,-34,-37,-37,-97,-100,-225,-225,-237,-218,-217,-189,-175,-149,-141,-130,-217,-203,-290,-298,-290,-297,-322,-297,-418,-297,-305,-305,-305,-305,-305,-59,-66,-66,-73,-81,-81,-81,-89,-94,-118,-112,-111,-108,-108,-108,-108,-97,-108,-108,-1831,-4313,-2181,-1824,-5081,-5081,-2940,-2437,-2073,-1923,-1589,-1559,-29966,-29967,-29974,-29975,-29975,-29976,-29976,-29963,-29964,-29965,-29965,-29966,-29966,-29964,-29964,-29963,-29964,-29966,-29964,-29965,-29964,-29965,-29968,-29970,-29970,-29964,-29968,-29970,-29970,-29971,-29972,-29973,-29973,-29975,-29974,-29975,-29975,-29976,-29976,-29977,-29981,-29982,-29998,-29999]} 1. d4 d5 2. c4 e6 3. Nc3 Be7 4. Nf3 Nf6 5. Bg5 h6 6. Bh4 O-O 7. e3 Ne4 8. Bxe7 Qxe7 9. Rc1 c6 10. Bd3 Nxc3 11. Rxc3 dxc4 12. Bxc4 Nd7 13. O-O ({Predecessor:} 13. Qc2 b6 {½-½ (46) Borovikov,V (2601)-Bakre,T (2509) Kavala 2010}) 13... b6 {[#]} 14. Qc2 $146 {D56: Queen's Gambit Declined: Lasker Defence} (14. Qe2 Bb7 15. Ba6 Bxa6 16. Qxa6 c5 17. Rfc1 Rfd8 18. h3 e5 19. Qb7 Rdb8 20. Qe4 Re8 21. Rd1 exd4 22. Qxe7 Rxe7 23. exd4 Re2 24. Rd2 Rxd2 25. Nxd2 Rd8 26. Nb3 cxd4 27. Rd3 Re8 {½-½ (27) Le,Q (2715)-Nakamura,H (2763) chess.com INT 2018}) 14... Bb7 15. Bd3 c5 16. Bh7+ {The position is equal.} Kh8 {And now ...Bxf3 would win.} 17. Be4 Bxe4 18. Qxe4 Nf6 19. Qc2 {[%cal Rd4c5]} Nd5 20. Rc4 {[%cal Rd4c5]} cxd4 21. Nxd4 Qg5 22. Nf3 Qf6 23. Rc1 Rad8 24. a3 Rd7 25. h3 Rfd8 26. b4 Ne7 27. Rd4 Rxd4 28. Nxd4 e5 (28... Rc8 $5 {[%cal Rc8c2]} 29. Qd2 Rxc1+ 30. Qxc1 Qe5 $11) 29. Nb5 a6 30. Nc3 Qe6 31. Qe2 Qc8 32. Qb2 Qc4 33. Ne2 Qe6 34. Qc2 Nf5 35. Qc6 Rd1+ 36. Kh2 Rd2 {White must now prevent ...Qxc6.} 37. Qxe6 (37. Ng3 {with more complications.} Rxf2 38. Nxf5 Qxf5 39. Qxb6 Qd3 40. Qb8+) 37... fxe6 38. Ng3 Rxf2 39. Nxf5 exf5 $15 {[%mdl 4096] Endgame KR-KR} 40. Rc6 Ra2 41. Re6 (41. b5 $15) 41... Rxa3 $17 42. Rxe5 (42. Rxb6 $17 Rxe3 43. Rxa6) 42... Rb3 $1 $19 43. Re8+ Kh7 44. Ra8 Rxb4 ({Don't take} 44... Rxe3 45. Rxa6 Re6 46. Kg3 $17) 45. Rxa6 Rb3 46. Kg1 Rb2 47. Ra7 (47. Kh2 $17 {was necessary.}) 47... b5 {[%cal Bb6b5,Bb5b4,Bb4b3,Bb3b2][%mdl 32]} 48. Ra6 (48. Kh2 $142) 48... b4 49. Rb6 b3 50. Kh2 Rb1 51. Kg3 (51. Rb7 {keeps fighting.}) 51... b2 52. h4 g6 53. Rb7+ Kg8 54. Kf2 Rh1 $2 (54... g5 $19 55. hxg5 hxg5) 55. Rxb2 Rxh4 56. Rb7 $1 Re4 57. Kf3 Kf8 58. Ra7 Re7 59. Ra6 Kf7 60. g3 Re6 61. Ra5 Kf6 62. Rb5 Re4 63. Ra5 g5 64. g4 $2 {[%mdl 8192]} (64. Ra6+ $17 Re6 65. Ra4) 64... Rxg4 65. Ra6+ Kg7 66. Ra7+ Kg6 67. Ra6+ Kh5 68. Rf6 Rg1 69. Kf2 Ra1 70. Rxf5 Kg4 {Black mates.} 71. Rf6 Ra2+ 72. Kf1 h5 73. e4 Ra4 74. e5 Re4 75. e6 h4 76. Kf2 Re5 77. Kg2 Kh5 78. Kf3 Re1 79. Kf2 {[#]} Re4 $1 {[%cal Re4e5]} 80. Kf3 {[#]} Re5 $1 81. Rf8 Rxe6 82. Rh8+ Kg6 83. Kg4 Re4+ 84. Kh3 Re3+ 85. Kh2 Kf5 86. Rf8+ Kg4 87. Rf2 h3 88. Ra2 Kh4 89. Ra7 Re2+ 90. Kh1 g4 91. Ra8 Re1+ {Accuracy: White = 43%, Black = 79%.} 0-1

[Event "Norm Congress-IM 2019"]
[Site "Saint Louis"]
[Date "2019.05.16"]
[Round "1.2"]
[White "Grabinsky, Aaron"]
[Black "Ezra Paul Chambers"]
[Result "0-1"]
[WhiteElo "2338"]
[BlackElo "2241"]
[Annotator "TA"]
[PlyCount "80"]
[EventDate "2019.05.16"]
[EventType "tourn"]
[EventCountry "USA"]
[SourceTitle "playchess.com"]
[Source "ChessBase"]
[SourceQuality "1"]

{[%evp 16,112,-12,-35,-35,-41,-35,-35,-43,-80,-71,-84,-48,-41,-65,-127,-78,-200,-204,-204,-213,-205,-193,-206,-204,-205,-193,-185,-162,-227,-207,-228,-210,-241,-185,-191,-194,-258,-212,-291,-196,-196,-196,-196,-196,-227,-178,-235,-235,-227,-227,-229,-228,-235,-235,-242,-242,-242,-242,-242,-242,-242,-242,-249,-249,-249,-249,-304,-304,-324,-324,-324,-324,-324,-314,-348,-325,-4789,-4789,-4770,-977,-29989,-29990,-29990,-29991,-29991,-29991,-29992,-29993,-29993,-29994,-29994,-29986,-29986,-29987,-29987,-29988,-29988,-29985]} 1. e4 c5 2. Nf3 Nc6 3. Bb5 e6 4. Bxc6 bxc6 5. d3 Ne7 6. O-O Ng6 7. e5 Be7 8. Nc3 O-O 9. Re1 f6 {B30: Sicilian: 2...Nc6 3 Bb5, lines without ...g6} 10. exf6 Bxf6 11. Be3 (11. Ne4 d6 12. d4 cxd4 13. Nxd4 Bxd4 14. Qxd4 d5 15. Bg5 e5 16. Qc3 Qd7 17. Ng3 {1-0 (34) Mendoza,R (2343)-Uribe,M (2354) Pamplona 2012}) 11... d6 {Black is slightly better.} 12. d4 $146 ({Predecessor:} 12. Qd2 Bxc3 13. Qxc3 Rxf3 14. gxf3 Nh4 15. f4 Qe8 16. Kf1 e5 17. Red1 Qh5 18. fxe5 Ng2 19. Kg1 Nxe3 20. fxe3 Qg4+ 21. Kf2 Be6 {0-1 (21) Lewyk,I-Herriot,B (2072) ICCF email 2011}) 12... cxd4 13. Nxd4 Bd7 14. Ne4 Be7 15. Nf3 ({White should play} 15. Nb3 $15) 15... d5 16. Nc3 (16. Nc5 $17 {is a better defense.}) 16... e5 $19 {aiming for ...Bg4.} 17. Nxd5 cxd5 18. Qxd5+ Rf7 19. Nxe5 Nxe5 20. Qxe5 Bf6 21. Qd5 Rb8 {[%cal Ba8b8,Bb8b2,Bb2c2][%mdl 32]} 22. Rad1 (22. Bd4 $142) 22... Rxb2 23. Bxa7 Rxc2 24. a4 g6 25. a5 Qc8 26. Qb3 (26. Bb6 $142) 26... Rb2 27. Qg3 Qc3 28. Bb6 Qxg3 29. hxg3 Ra2 30. Re3 Kg7 31. Rde1 (31. Rdd3 $142) 31... Bf5 32. R3e2 Ra4 33. Rd1 Re7 34. Rxe7+ Bxe7 35. Rd4 Ra1+ 36. Kh2 h5 37. Rc4 {[#] Black must now prevent Bd4+.} Kf7 38. Rd4 Ke6 39. Rc4 Bd6 40. Rc3 Kd5 {Played: Bd6-b4} 0-1

[Event "Norm Congress-IM 2019"]
[Site "Saint Louis"]
[Date "2019.05.16"]
[Round "1.3"]
[White "Giannatos, Peter"]
[Black "Gauri, Shankar"]
[Result "0-1"]
[WhiteElo "2290"]
[BlackElo "2375"]
[Annotator "TA"]
[PlyCount "76"]
[EventDate "2019.05.16"]
[EventType "tourn"]
[EventCountry "USA"]
[SourceTitle "playchess.com"]
[Source "ChessBase"]
[SourceQuality "1"]

{[%evp 13,76,-10,0,-12,0,1,16,10,47,23,36,0,13,0,-15,0,8,-24,-10,0,1,-31,-19,-29,-27,-27,-26,-68,-45,-55,-42,-84,-70,-87,-85,-117,-87,-79,-47,-133,-113,-250,-231,-244,-237,-229,-197,-189,-189,-232,-206,-231,-206,-221,-228,-216,-214,-218,-160,-204,-150,-204,-143,-29988,-29987]} 1. Nf3 d5 2. g3 g6 3. Bg2 Bg7 4. O-O e5 5. d3 Ne7 6. Nbd2 O-O 7. e4 Nbc6 8. a3 {A07: Réti Opening: New York and Capablanca Systems} (8. exd5 Nxd5 9. Re1 Re8 10. a3 Bf5 11. Ne4 b6 12. Bg5 f6 13. c4 Bxe4 14. Rxe4 Nde7 15. Bc1 Qd7 16. Re1 Rad8 17. Bf1 {0-1 (29) Mamedyarov,S (2801)-Giri,A (2782) chess.com INT 2018}) 8... h6 9. b4 {[%cal Bb2b4,Bb4b5][%mdl 32]} dxe4 $146 ({Predecessor:} 9... a5 10. b5 Nd4 11. a4 c6 12. c3 Nxf3+ 13. Qxf3 Be6 14. Ba3 Re8 15. Qe2 f5 {0-1 (41) Schroeder,M-Tikranian,A (2242) Belgium 2017}) 10. dxe4 {The position is equal.} a5 11. b5 Nd4 12. Rb1 Be6 13. c3 Nxf3+ 14. Bxf3 Qd3 15. Rb2 (15. Be2 $5 {[%cal Re2d3]} Qxc3 16. Nb3 $11) 15... Rfd8 16. Be2 Qd6 17. Qa4 Nc8 $36 {[%mdl 2048] White is under pressure.} 18. Nc4 Nb6 19. Nxb6 $1 cxb6 20. Be3 Qc7 21. c4 Bf8 22. Rc1 Kh7 23. c5 Bxc5 ({Reject} 23... bxc5 $6 24. b6 $11) 24. Bxc5 {Be3 is the strong threat.} bxc5 25. b6 Qd6 26. Rd1 (26. Bc4 $1 $15) 26... Qe7 $17 27. Rbd2 (27. Rc1 $17) 27... Rd4 $19 28. Rxd4 cxd4 ({Much less strong is} 28... exd4 29. f4) 29. Rc1 Qd6 30. Qb5 Rd8 {aiming for ...d3.} 31. Bd3 Qxa3 32. Rc7 {[#]} Qb4 $1 {White must now prevent ...Qxb5.} 33. Qxb4 axb4 34. Rxb7 {KRB-KRB} Rd6 35. f4 Kg7 36. Rb8 b3 {[%cal Bb4b3,Bb3b2][%mdl 32]} 37. Kf2 (37. fxe5 $17 Rc6 38. b7) 37... b2 38. Ke2 $2 {[%mdl 8192] [#]} (38. fxe5 $17 Rc6 39. b7) 38... Bc4 $1 {[%mdl 512] Accuracy: White = 32%, Black = 50%.} 0-1

[Event "Norm Congress-IM 2019"]
[Site "Saint Louis"]
[Date "2019.05.16"]
[Round "1.5"]
[White "Rosen, Eric"]
[Black "Jacobson, Aaron"]
[Result "1/2-1/2"]
[WhiteElo "2338"]
[BlackElo "2311"]
[Annotator "TA"]
[PlyCount "97"]
[EventDate "2019.05.16"]
[EventType "tourn"]
[EventCountry "USA"]
[SourceTitle "playchess.com"]
[Source "ChessBase"]
[SourceQuality "1"]

{[%evp 9,97,-12,-12,-12,-12,-18,-15,-14,-16,-20,0,-18,11,10,14,12,0,-122,-110,-114,-122,-125,-123,-108,-68,-75,-55,-132,-55,-78,-43,-55,0,0,0,-16,87,0,0,0,0,0,4,0,10,10,12,3,11,11,14,14,14,5,47,50,52,38,67,19,38,26,39,0,8,8,8,8,8,8,8,8,8,8,8,8,8,8,8,-8,-8,-8,-8,-8,-8,-8,8,8,8,-29974]} 1. c4 Nf6 2. Nc3 e5 3. e3 Nc6 4. a3 d5 5. cxd5 Nxd5 6. Qc2 {A25: English Opening vs King's Indian with ...Nc6 but without early d3} Nxc3 7. bxc3 Bd6 8. d4 O-O 9. Nf3 Qe7 10. Be2 Bd7 $146 ({Predecessor:} 10... b6 11. O-O Bb7 12. Re1 Rfe8 13. Bb2 Na5 14. Bb5 c6 {1-0 (22) Kramnik,V (2808)-Karjakin,S (2781) Stavanger 2017}) 11. O-O Rae8 12. Re1 b6 $36 {[%mdl 2048] Black is pushing.} 13. c4 (13. Nd2 $11) 13... exd4 $17 14. Bb2 dxe3 {Strongly threatening ...Bg4.} 15. Bd3 exf2+ 16. Kxf2 Bc5+ 17. Kf1 Qd6 18. Bxh7+ Kh8 19. Red1 $1 {[%cal Rd1d6]} Qe6 20. Rd5 $1 {And now Bf5 would win.} f5 (20... Qh6 $1 $15 21. Rxd7 Qxh7 22. Qxh7+ Kxh7 23. Rxc7 Rc8) 21. Re1 $11 Qf7 {Threatens to win with ...Rxe1+.} 22. Rxe8 (22. Qc1 {keeps more tension.} Rxe1+ 23. Qxe1 Be8 24. Bxf5 Qh5 25. Qg3) 22... Qxe8 {[#]} (22... Bxe8 $11 {keeps the balance.} 23. Rxf5 Qe7) 23. Bxf5 ({White should try} 23. Qc3 $1 $16 {[%csl Gb2][%cal Rc3g7][%mdl 512]} Qe7 24. Bg6) 23... Bxf5 24. Rxf5 Rxf5 25. Qxf5 Kg8 (25... Na5 {is more complex.} 26. Ng5 Qf8 27. Bxg7+ Qxg7 28. Qh3+ Kg8) 26. Qd5+ Qf7 (26... Kh8 {seems wilder.} 27. Qf5) 27. Qxf7+ $1 Kxf7 {[%mdl 4096] Endgame KBN-KBN} 28. Ke2 g6 29. Kd3 Ke6 30. g4 a6 31. a4 Ne7 32. Ng5+ Kd7 33. h4 c6 34. h5 gxh5 35. gxh5 Nf5 36. Ke4 Ng3+ {The position is equal.} 37. Kf3 Nxh5 38. Kg4 Be3 39. Kxh5 {next Ne4 is good for White.} Bxg5 $1 40. Kxg5 {Kf5 is the strong threat. KB-K3P} b5 41. c5 Ke6 $1 42. Ba3 Kd5 43. Kf6 a5 $1 44. axb5 cxb5 {aiming for ...b4.} 45. c6 Kxc6 46. Ke5 b4 47. Kd4 Kb5 (47... bxa3 $5 48. Kc3 $8 Kd5 $11) 48. Bb2 a4 49. Ke4 $2 {[%mdl 40960] Accuracy: White = 71%, Black = 62%. . An unexpected result.} (49. Kd3 $11) 1/2-1/2

[Event "Norm Congress-IM 2019"]
[Site "Saint Louis"]
[Date "2019.05.17"]
[Round "2.1"]
[White "Kiewra, Keaton"]
[Black "Jacobson, Aaron"]
[Result "0-1"]
[WhiteElo "2375"]
[BlackElo "2311"]
[Annotator "NA RC"]
[PlyCount "98"]
[EventDate "2019.05.16"]
[EventType "tourn"]
[EventCountry "USA"]
[SourceTitle "playchess.com"]
[Source "ChessBase"]
[SourceQuality "1"]
[TimeControl "5400+30"]

1. Nf3 {[%emt 0:00:00]} d5 {[%emt 0:00:04]} 2. d4 {[%emt 0:00:00]} Nf6 {[%emt 0:00:05]} 3. c4 {[%emt 0:00:00]} e6 {[%emt 0:00:05]} 4. g3 {[%emt 0:00:45]} Bb4+ {[%emt 0:01:06]} 5. Nc3 {[%emt 0:00:56]} O-O {[%emt 0:01:32]} 6. Bg2 {[%emt 0:01:06]} dxc4 {[%emt 0:00:18]} 7. O-O {[%emt 0:03:25]} Nc6 {[%emt 0:02:46]} 8. a3 {[%emt 0:04:15]} Bxc3 {[%emt 0:03:14]} 9. bxc3 {[%emt 0:00:23]} a6 {[%emt 0:00:37] E20: Nimzo-Indian: 4 g3 and 4 f3} (9... Rb8 10. Bg5 h6 11. Bh4 g5 12. Nxg5 hxg5 13. Bxg5 Kg7 14. e4 Ne7 15. f4 Nh7 16. Qh5 f6 17. Bh6+ Kh8 18. Bxf8 Qxf8 {1-0 (55) Salem,A (2638)-Inarkiev,E (2689) Riadh 2017}) 10. Qc2 $146 {[%emt 0:10:09]} ({Predecessor:} 10. Bf4 b5 11. Ne5 Bb7 12. Nxc6 Bxc6 13. Bxc6 Ra7 14. Qc2 g6 15. Bg5 Qe7 16. Qd2 Kg7 17. Qf4 a5 18. e4 Ra6 19. e5 Nd5 20. Bxd5 Qe8 21. Qf6+ Kg8 22. Bh6 {1-0 (22) Plotkin,D-Muniz,A ICC INT 2009}) 10... Na5 {[%emt 0:10:38]} 11. Nd2 {[%emt 0:02:02]} c5 {[%emt 0:09:00]} 12. dxc5 {[%emt 0:03:26]} Qc7 {[%emt 0:00:21]} 13. a4 {[%emt 0:06:55]} Rd8 {[%emt 0:02:38]} 14. Ba3 {[%emt 0:03:32]} Nd7 {[%emt 0:00:19]} (14... Rb8 $11) 15. Bb4 {[%emt 0:05:57]} ({White should try} 15. Rfd1 $16) 15... Nxc5 {[%emt 0:01:41]} 16. Bxa5 {[%emt 0:00:11]} Qxa5 {[%emt 0:00:04]} 17. Nxc4 {[%emt 0:00:08]} Qc7 {[%emt 0:00:07]} 18. a5 {[%emt 0:01:00]} Bd7 {[%emt 0:03:51]} 19. Rfb1 {[%emt 0:06:09]} Bb5 {[%emt 0:04:48]} 20. Nb6 {[%emt 0:03:01]} Rab8 {[%emt 0:00:15]} 21. c4 {[%emt 0:02:23]} Bc6 {[%emt 0:00:24]} 22. Bxc6 {[%emt 0:01:33]} Qxc6 {[%emt 0:00:08]} 23. Rd1 {[%emt 0:00:29]} g6 {[%emt 0:07:41]} 24. Rxd8+ {[%emt 0:05:27]} Rxd8 {[%emt 0:00:09]} 25. Rd1 {[%emt 0:00:10]} Qc7 {[%emt 0:02:25]} 26. Rd2 {[%emt 0:00:57]} Rd6 {[%emt 0:02:17]} 27. Qd1 {[%emt 0:06:35]} Rxd2 {[%emt 0:04:03]} 28. Qxd2 {[%emt 0:00:03]} Qe5 {[%emt 0:01:12]} 29. Qd8+ {[%emt 0:01:21]} (29. Kg2 $11 {remains equal.}) 29... Kg7 {[%emt 0:00:06]} 30. Nc8 {[%emt 0:00:43] [#]} (30. Kg2 $11) 30... Ne4 $1 {[%emt 0:07:40]} 31. Kg2 {[%emt 0:04:06] [#]} (31. e3 $142) 31... Qc5 $1 {[%emt 0:03:03] Double Attack} 32. e3 {[%emt 0:01:10]} Qxc4 {[%emt 0:03:36]} 33. Qd4+ Qxd4 {[%emt 0:00:06]} 34. exd4 {[%emt 0:09:24]} Kf8 {[%emt 0:06:51]} 35. f3 {[%emt 0:00:09]} Nd2 {[%emt 0:00:11]} 36. Nd6 {[%emt 0:00:04]} Nb3 {[%emt 0:00:07]} 37. Nxb7 {[%emt 0:00:03]} Ke7 {[%emt 0:02:10]} 38. Kf2 {[%emt 0:00:49]} Kd7 {[%emt 0:07:27]} ({Not} 38... Nxd4 39. Ke3 $17) 39. Ke3 {[%emt 0:00:40] [#]} Kc7 $15 {[%emt 0:00:07]} ({Black should play} 39... f6 $1 $19 40. Kd3 Kc6) 40. Nc5 {[%emt 0:00:10]} Nxc5 {[%emt 0:00:32]} 41. dxc5 {[%emt 0:00:03]} Kc6 {[%emt 0:00:11]} 42. Kd4 {[%emt 0:00:14]} f6 {[%emt 0:00:25]} 43. h4 {[%emt 0:11:33]} e5+ {[%emt 0:00:19]} 44. Kc4 {[%emt 0:00:13]} f5 {[%emt 0:00:13]} 45. f4 {[%emt 0:01:12]} e4 {[%emt 0:01:01]} 46. Kd4 {[%emt 0:00:04]} e3 {[%emt 0:03:14]} 47. Kxe3 {[%emt 0:00:05]} Kxc5 {[%emt 0:00:03]} 48. h5 {[%emt 0:00:10]} gxh5 {[%emt 0:00:48]} 49. Kd3 {[%emt 0:00:05]} Kd5 {[%emt 0:00:07]} 0-1

[Event "Norm Congress-IM 2019"]
[Site "Saint Louis"]
[Date "2019.05.17"]
[Round "2.2"]
[White "Wu, Rochelle"]
[Black "Rosen, Eric"]
[Result "1/2-1/2"]
[WhiteElo "2174"]
[BlackElo "2338"]
[Annotator "RC"]
[PlyCount "170"]
[EventDate "2019.05.16"]
[EventType "tourn"]
[EventCountry "USA"]
[SourceTitle "playchess.com"]
[Source "ChessBase"]
[SourceQuality "1"]
[TimeControl "5400+30"]

1. d4 {[%emt 0:00:00]} Nf6 {[%emt 0:00:00]} 2. c4 {[%emt 0:00:00]} Nc6 {[%emt 0:00:01]} 3. Nc3 {[%emt 0:04:32]} e5 {[%emt 0:00:35]} 4. d5 {[%emt 0:04:10]} Ne7 {[%emt 0:00:06]} 5. g3 {[%emt 0:01:12]} Ng6 {[%emt 0:01:02]} 6. Bg2 {[%emt 0:01:52]} Bb4 {[%emt 0:00:15]} 7. Bd2 {[%emt 0:03:07]} a5 {[%emt 0:01:30]} 8. e4 {[%emt 0:04:24]} d6 {[%emt 0:00:59]} 9. Nge2 {[%emt 0:01:18]} Bg4 {[%emt 0:10:41]} 10. h3 {[%emt 0:03:19]} Bd7 {[%emt 0:00:35]} 11. Qc2 {[%emt 0:00:43]} Qc8 {[%emt 0:01:31]} 12. O-O-O {[%emt 0:02:45]} c6 {[%emt 0:03:21]} 13. Bg5 {[%emt 0:21:10]} Qc7 {[%emt 0:02:47]} 14. Kb1 {[%emt 0:07:02]} Ne7 {[%emt 0:07:08]} 15. Bxf6 {[%emt 0:03:47]} gxf6 {[%emt 0:00:22]} 16. a3 {[%emt 0:00:31]} Bc5 {[%emt 0:01:12]} 17. f4 {[%emt 0:02:54]} cxd5 {[%emt 0:06:13]} 18. exd5 {[%emt 0:00:06]} Nf5 {[%emt 0:01:18]} 19. Qd3 {[%emt 0:06:05]} Ne3 {[%emt 0:01:52]} 20. Rdg1 {[%emt 0:00:54]} f5 {[%emt 0:03:20]} 21. fxe5 {[%emt 0:03:44]} dxe5 {[%emt 0:00:38]} 22. Nd1 {[%emt 0:02:13]} Nxg2 {[%emt 0:08:45]} 23. Rxg2 {[%emt 0:01:56]} Rc8 {[%emt 0:00:14]} 24. Re1 {[%emt 0:01:04]} O-O {[%emt 0:02:53]} 25. g4 {[%emt 0:04:11]} f4 {[%emt 0:01:02]} 26. Ndc3 {[%emt 0:00:51]} Kh8 {[%emt 0:02:13]} 27. Ne4 {[%emt 0:01:47]} f6 {[%emt 0:10:00]} 28. d6 {[%emt 0:04:40]} Qc6 {[%emt 0:01:22]} 29. Nxf4 {[%emt 0:01:53]} exf4 {[%emt 0:02:05]} 30. Nxc5 {[%emt 0:00:51]} Be8 {[%emt 0:04:01]} 31. Ne4 {[%emt 0:09:07]} Bg6 {[%emt 0:00:38]} 32. b3 {[%emt 0:02:55]} Rcd8 {[%emt 0:09:41]} 33. Kb2 {[%emt 0:00:39]} f3 {[%emt 0:03:23]} 34. Qxf3 {[%emt 0:00:37]} Rxd6 {[%emt 0:00:02]} 35. Rge2 {[%emt 0:00:18]} Re6 {[%emt 0:01:43]} 36. Nd2 {[%emt 0:00:14]} Rxe2 {[%emt 0:00:33]} 37. Rxe2 {[%emt 0:00:05]} Qb6 {[%emt 0:01:20]} 38. Qc3 {[%emt 0:00:11]} Qg1 {[%emt 0:02:41]} 39. Re6 {[%emt 0:01:32]} Kg8 {[%emt 0:01:37]} 40. Rd6 {[%emt 0:00:46]} Qd1 {[%emt 0:04:22]} 41. Qc1 {[%emt 0:00:29]} Qe2 {[%emt 0:00:12]} 42. Qc3 {[%emt 0:00:14]} a4 {[%emt 0:01:24]} 43. bxa4 {[%emt 0:00:15]} Qd1 {[%emt 0:00:22]} 44. c5 {[%emt 0:00:19]} Qh1 {[%emt 0:02:41]} 45. a5 {[%emt 0:00:27]} Re8 {[%emt 0:01:10]} 46. g5 {[%emt 0:00:31]} fxg5 {[%emt 0:02:00]} 47. Rd7 {[%emt 0:00:05]} Bf7 {[%emt 0:00:05]} 48. Qf6 {[%emt 0:00:16]} Rf8 {[%emt 0:00:16]} 49. Qxg5+ {[%emt 0:00:05]} Kh8 {[%emt 0:00:49]} 50. Qe5+ {[%emt 0:00:59]} Kg8 {[%emt 0:00:03]} 51. Ne4 {[%emt 0:00:24]} Qg2+ {[%emt 0:01:28]} 52. Rd2 {[%emt 0:00:06]} Qg7 {[%emt 0:00:08]} 53. Qxg7+ {[%emt 0:01:44]} Kxg7 {[%emt 0:00:01]} 54. Rf2 {[%emt 0:00:28]} Ra8 {[%emt 0:00:33]} 55. Nd6 {[%emt 0:00:07]} Bd5 {[%emt 0:00:16]} 56. Rd2 {[%emt 0:00:25]} Bc6 {[%emt 0:00:22]} 57. Nxb7 {[%emt 0:00:43]} Ra7 {[%emt 0:02:04]} 58. Nd8 {[%emt 0:00:31]} Be4 {[%emt 0:00:03]} 59. c6 {[%emt 0:00:32]} Kf6 {[%emt 0:00:23]} 60. Nb7 {[%emt 0:01:04]} Bxc6 {[%emt 0:00:56]} 61. Rd6+ {[%emt 0:00:04]} Ke5 {[%emt 0:00:03]} 62. Rxc6 {[%emt 0:00:07]} Rxb7+ {[%emt 0:00:07]} 63. Rb6 {[%emt 0:00:04]} Ra7 {[%emt 0:01:23]} 64. a6 {[%emt 0:00:13]} Kd4 {[%emt 0:00:37]} 65. Kb3 {[%emt 0:00:24]} Kc5 {[%emt 0:00:27]} 66. Rb7 {[%emt 0:00:14]} Rxa6 {[%emt 0:00:17]} 67. Rxh7 {[%emt 0:00:04]} Rf6 {[%emt 0:00:25]} 68. Rh5+ {[%emt 0:00:16]} Kc6 {[%emt 0:00:13]} 69. Kb4 {[%emt 0:00:30]} Rf1 {[%emt 0:00:49]} 70. Rh6+ {[%emt 0:01:07]} Kc7 {[%emt 0:00:14]} 71. a4 {[%emt 0:00:22]} Rf4+ {[%emt 0:00:27]} 72. Kb5 {[%emt 0:00:06]} Kb7 {[%emt 0:01:01]} 73. Rh5 {[%emt 0:00:20]} Rf1 {[%emt 0:00:13]} 74. a5 {[%emt 0:00:40]} Rc1 {[%emt 0:00:23]} 75. Rh7+ {[%emt 0:00:32]} Kb8 {[%emt 0:00:22]} 76. a6 {[%emt 0:00:35]} Rb1+ {[%emt 0:01:06]} 77. Kc6 {[%emt 0:00:05]} Ra1 {[%emt 0:00:19]} 78. a7+ {[%emt 0:01:04]} Ka8 {[%emt 0:00:03]} 79. h4 {[%emt 0:00:21]} Ra6+ {[%emt 0:00:34]} 80. Kd5 {[%emt 0:00:36]} Rd6+ {[%emt 0:00:10]} 81. Ke5 {[%emt 0:00:09]} Re6+ {[%emt 0:00:13]} 82. Kf5 {[%emt 0:00:18]} Rf6+ {[%emt 0:00:02]} 83. Kg5 {[%emt 0:00:11]} Rg6+ {[%emt 0:00:03]} 84. Kh5 {[%emt 0:00:18]} Rg5+ {[%emt 0:00:05]} 85. Kh6 {[%emt 0:00:05]} Rg6+ {[%emt 0:00:09]} 1/2-1/2

[Event "Norm Congress-IM 2019"]
[Site "Saint Louis"]
[Date "2019.05.17"]
[Round "2.4"]
[White "Ezra Paul Chambers"]
[Black "Giannatos, Peter"]
[Result "0-1"]
[WhiteElo "2241"]
[BlackElo "2290"]
[Annotator "TA"]
[PlyCount "58"]
[EventDate "2019.05.16"]
[EventType "tourn"]
[EventCountry "USA"]
[SourceTitle "playchess.com"]
[Source "ChessBase"]
[SourceQuality "1"]

{[%evp 16,68,-9,-20,0,-14,0,0,0,0,0,0,8,13,19,0,12,-18,-20,-30,-4,-172,-176,-192,-199,-436,-213,-248,-168,-341,-327,-540,-368,-535,-341,-435,-413,-498,-497,-497,-499,-524,-513,-499,-404,-407,-396,-483,-475,-541,-533,-529,-529,-630,-518]} 1. e4 e6 2. d4 d5 3. Nc3 Nc6 4. Nf3 Nf6 5. Bg5 Be7 6. e5 Ne4 7. Bxe7 Qxe7 8. Bd3 Nxc3 9. bxc3 Na5 {C10: French with 3 Nc3: Unusual Black 3rd moves and 3...dxe4} (9... f6 10. Qe2 O-O 11. exf6 Rxf6 12. O-O Bd7 13. c4 dxc4 14. Bxc4 Raf8 15. c3 Kh8 16. Bd3 Rh6 17. Rae1 {1-0 (44) Tryggestad,A (2305)-Rozentalis,E (2568) Fagernes 2019}) 10. O-O Bd7 11. Nd2 c5 {The position is equal.} 12. Nb3 b6 $146 ({Predecessor:} 12... Nxb3 13. axb3 O-O 14. Qh5 g6 15. Qe2 a5 16. Qe3 Rfc8 17. Rfb1 {½-½ (51) Pulkkinen,K (2240)-Kekki,P (2285) Espoo 1992}) 13. Nxa5 bxa5 14. c4 dxc4 15. Bxc4 O-O 16. Rb1 Bc6 17. Bb5 Bd5 18. Rb2 $2 (18. c4 $11 {and White has nothing to worry.} Be4 19. Rb2) 18... Rab8 $19 19. Qd2 {[#]} c4 $1 {aiming for ...a6!} 20. Rfb1 $2 (20. Rbb1) 20... Rb6 (20... Qa3 $142 {White must now prevent ...c3.} 21. c3 Be4) 21. c3 Qb7 {...Be4 is the strong threat.} 22. f3 $2 (22. Ba4 Bxg2 23. Bc2) 22... Rb8 23. Qg5 $2 (23. Qc1) 23... h6 24. Qh4 (24. Qc1 $142) 24... Kh7 25. a4 a6 26. Qe1 axb5 27. Rxb5 Qc7 (27... Rxb5 $2 {is the wrong capture.} 28. Rxb5 Qc7 29. Qb1+ Be4 30. Qxe4+ (30. fxe4 Rxb5 31. Qxb5 Qd8 $16) 30... g6 31. g3 $18) 28. R1b2 Rxb5 29. axb5 a4 {Played: Qc7-b6} 0-1